000 00921nam a22002057a 4500
001 BD-DhSAU 7662
003 BD-DhSAU
005 20150527161905.0
008 150527b2011 bg a||||r|||| 000 0 ben d
040 _aBD-DhSAU
082 _222
_a৫০০
_bপুরোগা
110 _aবাংলাদেশ বিজ্ঞান ও শিল্প গবেষণা পরিষদ
245 _aপুরোগামী বিজ্ঞান :
_bবিজ্ঞান বিষয়ক ত্রৈমাসিক; বৈশাখ-চৈত্র ১৪১৭ /
260 _aঢাকা :
_bবাংলাদেশ বিজ্ঞান ও শিল্প গবেষণা পরিষদ,
_c২০১১.
300 _a১২২ প. :
_bচিত্র ;
_c২৪ সেমি
440 _n১ম থেকে ৪র্থ সংখ্যা
590 _ajoy
650 _aForestry.
942 _2ddc
_cBOOK
999 _c7662
_d7662